[Event "9. LGA Premium Cup 2012"]
[Site "Nürnberg"]
[Date "2012.09.06"]
[Round "1.64"]
[White "Braun, Michael"]
[Black "Carow, Johannes"]
[Result "1/2-1/2"]
[WhiteElo "1855"]
[BlackElo "2245"]
[PlyCount "46"]
[EventDate "2012.??.??"]
[WhiteTeam "SG Büchenbach/Roth e.V."]
[BlackTeam "Sfr.Heidesheim"]

1. d4 d5 2. Nf3 Nf6 3. c4 dxc4 4. Nc3 a6 5. a4 Nc6 6. e3 Bg4 7. Bxc4 e6 8. h3
Bh5 9. O-O Bd6 10. Bd2 O-O 11. Be2 Qe7 12. Ne1 Bg6 13. Bd3 Bxd3 14. Nxd3 e5 15.
d5 Nb4 16. Nxb4 Bxb4 17. Qb3 Rfd8 18. Rfd1 b6 19. Na2 Bd6 20. Nb4 Bxb4 21. Bxb4
Qd7 22. Bc3 Re8 23. f3 c6 1/2-1/2

[Event "9. LGA Premium Cup 2012"]
[Site "Nürnberg"]
[Date "2012.09.06"]
[Round "1.65"]
[White "Koch, Moritz"]
[Black "Rausch, Wolfgang sr"]
[Result "1-0"]
[WhiteElo "2261"]
[BlackElo "1875"]
[PlyCount "29"]
[EventDate "2012.??.??"]
[WhiteTeam "SV Puschendorf 1949 e.V."]
[BlackTeam "SC Noris-Tarrasch Nürnberg 1873"]

1. e4 Nf6 2. Nc3 d6 3. d4 Nc6 4. h3 e5 5. Nf3 exd4 6. Nxd4 Bd7 7. Bc4 Be7 8.
Be3 O-O 9. O-O Nxd4 10. Qxd4 a6 11. a4 Bc6 12. Rad1 Rb8 13. a5 Re8 14. e5 dxe5
15. Bxf7+ 1-0

[Event "9. LGA Premium Cup 2012"]
[Site "Nürnberg"]
[Date "2012.09.06"]
[Round "1.66"]
[White "Thürauf, Peter"]
[Black "Lorscheid, Gerhard"]
[Result "0-1"]
[WhiteElo "1876"]
[BlackElo "2254"]
[PlyCount "48"]
[EventDate "2012.??.??"]
[WhiteTeam "SW Nürnberg Süd e.V."]
[BlackTeam "Stuttgarter SF 1879"]

1. d4 g6 2. c4 Bg7 3. Nf3 c5 4. Nc3 cxd4 5. Nxd4 Nc6 6. Be3 Nf6 7. Nxc6 bxc6 8.
g3 Rb8 9. Qd2 Qa5 10. h3 O-O 11. Bg2 Ba6 12. O-O Bxc4 13. Rfd1 Qa6 14. Bd4 d6
15. e4 Rfd8 16. b3 Be6 17. Rac1 Rbc8 18. Ne2 Bd7 19. b4 Be6 20. Rc2 c5 21. Bxf6
Bxf6 22. Bf1 cxb4 23. Rxc8 Rxc8 24. Qxb4 Qxa2 0-1

[Event "9. LGA Premium Cup 2012"]
[Site "Nürnberg"]
[Date "2012.09.06"]
[Round "1.67"]
[White "Kvetny, Mark"]
[Black "Neumann, Robert"]
[Result "1/2-1/2"]
[WhiteElo "2245"]
[BlackElo "1875"]
[PlyCount "67"]
[EventDate "2012.??.??"]
[WhiteTeam "Stuttgarter SF 1879"]
[BlackTeam "SC Noris-Tarrasch Nürnberg 1873"]

1. d4 Nf6 2. c4 g6 3. Nc3 d5 4. Bg5 Ne4 5. Bh4 Nxc3 6. bxc3 Bg7 7. e3 c5 8. Nf3
Nc6 9. cxd5 Qxd5 10. Be2 O-O 11. O-O cxd4 12. cxd4 b6 13. Qa4 Bb7 14. Rac1 Rfc8
15. Rc3 e6 16. Rfc1 a6 17. Ne1 b5 18. Qb3 Qxb3 19. axb3 Nb4 20. Be7 Rxc3 21.
Rxc3 Nd5 22. Rc2 Nxe7 23. Rc7 Bd5 24. Rxe7 Bxb3 25. Nd3 Bc4 26. Bf3 Rd8 27. Nc5
Bf8 28. Ra7 Bxc5 29. dxc5 Bd5 30. Rxa6 Bxf3 31. gxf3 Rc8 32. c6 b4 33. Rb6 b3
34. Rxb3 1/2-1/2

[Event "9. LGA Premium Cup 2012"]
[Site "Nürnberg"]
[Date "2012.09.06"]
[Round "1.68"]
[White "Weißbeck, Wolf-Dieter"]
[Black "Safyanowsky, Mark"]
[Result "0-1"]
[WhiteElo "1874"]
[BlackElo "2249"]
[PlyCount "58"]
[EventDate "2012.??.??"]
[WhiteTeam "SV Alsfeld"]
[BlackTeam "SAbt TSV Haunstetten"]

1. Nf3 c5 2. g3 Nc6 3. c4 g6 4. Bg2 Bg7 5. Nc3 e5 6. d3 Nge7 7. O-O d6 8. Nd2
O-O 9. Rb1 Rb8 10. a3 a5 11. Nde4 f5 12. Ng5 h6 13. Nh3 Be6 14. Bd2 Bf7 15. Nd5
b5 16. Nxe7+ Nxe7 17. cxb5 Rxb5 18. b4 axb4 19. axb4 c4 20. Bc3 cxd3 21. Qxd3
Qb6 22. e4 d5 23. exd5 Nxd5 24. Bxd5 Bxd5 25. Qe3 Qb7 26. f3 f4 27. gxf4 Qc8
28. Nf2 exf4 29. Qd3 Qxc3 0-1

[Event "9. LGA Premium Cup 2012"]
[Site "Nürnberg"]
[Date "2012.09.06"]
[Round "1.69"]
[White "Bartsch, Berthold"]
[Black "Felser, Martin"]
[Result "1-0"]
[WhiteElo "2249"]
[BlackElo "1869"]
[PlyCount "99"]
[EventDate "2012.??.??"]
[WhiteTeam "SC Forchheim e.V."]
[BlackTeam "SK Marktoberdorf"]

1. e4 g6 2. Nc3 Bg7 3. g3 d6 4. Bg2 Nf6 5. f4 Nbd7 6. Nf3 c6 7. O-O O-O 8. h3
Nc5 9. d3 e5 10. Be3 exf4 11. gxf4 Nh5 12. d4 Ne6 13. Qd2 Bh6 14. Ng5 Nexf4 15.
Rxf4 Bxg5 16. Rf2 Bxe3 17. Qxe3 Qh4 18. Ne2 Be6 19. Raf1 Rae8 20. Qa3 d5 21. e5
Qe7 22. Qxa7 Ra8 23. Qc5 Qxc5 24. dxc5 Rxa2 25. Nd4 Ng3 26. Nxe6 Nxf1 27. Nxf8
Ne3 28. Nd7 Rxb2 29. Nf6+ Kg7 30. Ne8+ Kh6 31. Nd6 Nf5 32. Nxf7+ Kg7 33. Nd6
Rb1+ 34. Kh2 Re1 35. Nxf5+ gxf5 36. Rxf5 Re2 37. Kg3 Rxc2 38. Bf3 Kg6 39. Rf8
Kg7 40. Rb8 Rb2 41. Kf4 Kg6 42. e6 Kf6 43. Bg4 Rb4+ 44. Kg3 Ke7 45. Rh8 h5 46.
Rxh5 b5 47. Rh7+ Kf8 48. e7+ Kg8 49. e8=Q+ Kxh7 50. Bf5+ 1-0

[Event "9. LGA Premium Cup 2012"]
[Site "Nürnberg"]
[Date "2012.09.06"]
[Round "1.70"]
[White "Mann, Johannes"]
[Black "Promyshlyanskyy, Vitaliy"]
[Result "1-0"]
[WhiteElo "1869"]
[BlackElo "2245"]
[PlyCount "153"]
[EventDate "2012.??.??"]
[WhiteTeam "SC Forchheim e.V."]
[BlackTeam "SC Noris-Tarrasch Nürnberg 1873"]

1. e4 Nc6 2. Nf3 d6 3. d4 Nf6 4. Nc3 Bg4 5. Be2 g6 6. O-O Bg7 7. h3 Bxf3 8.
Bxf3 O-O 9. Be3 e5 10. d5 Ne7 11. Qd2 Nd7 12. Be2 f5 13. f3 f4 14. Bf2 g5 15.
Na4 Nf6 16. c4 h5 17. Qc2 Ng6 18. c5 Rf7 19. Rac1 Bh6 20. Qb3 b6 21. cxd6 cxd6
22. Ba6 g4 23. Qb4 Bf8 24. Rc2 Rg7 25. Kh1 Nh7 26. Be1 gxh3 27. gxh3 Nh4 28.
Rh2 Qg5 29. Qc3 Rd8 30. Bf2 Rdd7 31. Be2 Rc7 32. Qd2 Qf6 33. Qe1 Be7 34. Nc3
Kh8 35. Nb5 Rd7 36. Rg1 Rxg1+ 37. Qxg1 Bd8 38. Qe1 a6 39. Na3 b5 40. Nc2 Rg7
41. Nb4 Rc7 42. Nc6 Ng6 43. Nxd8 Qxd8 44. Bb6 Nhf8 45. Bxc7 Qxc7 46. Qc3 Qb6
47. Rg2 Ne7 48. Kh2 Kh7 49. Bf1 Nfg6 50. Rc2 Kh6 51. b4 Kg5 52. Qd2 Nh4 53. Qf2
Qd8 54. Be2 Qb8 55. Rc1 Nhg6 56. Qg2+ Kh6 57. Rg1 h4 58. Qg5+ Kh7 59. Qh5+ Kg7
60. Qxh4 Qa7 61. Qg5 Kf7 62. h4 Qf2+ 63. Rg2 Qe1 64. h5 Nh4 65. Qg7+ Ke8 66. h6
Nxg2 67. h7 Qg3+ 68. Qxg3 fxg3+ 69. Kxg2 Ng6 70. f4 Kf8 71. fxe5 dxe5 72. Kxg3
Kg7 73. Bg4 Nh8 74. Bh5 Kf6 75. Kg4 Ke7 76. Kf5 Kd6 77. Kf6 1-0

[Event "9. LGA Premium Cup 2012"]
[Site "Nürnberg"]
[Date "2012.09.06"]
[Round "1.71"]
[White "Göbel, Constantin"]
[Black "Winterholler, Christina"]
[Result "1-0"]
[WhiteElo "2231"]
[BlackElo "1856"]
[PlyCount "79"]
[EventDate "2012.??.??"]
[WhiteTeam "TSV Schott Mainz"]
[BlackTeam "SK Ingolstadt"]

1. e4 e5 2. Nf3 Nc6 3. Bb5 a6 4. Ba4 Nf6 5. O-O Nxe4 6. d4 b5 7. Bb3 d5 8. dxe5
Be6 9. c3 Qd7 10. Nbd2 Nc5 11. Bc2 Bg4 12. h3 Bh5 13. Re1 Be7 14. Nf1 Rd8 15.
Ng3 Bg6 16. Nd4 Nxd4 17. cxd4 Nb7 18. e6 Qc6 19. exf7+ Kxf7 20. Rxe7+ Kxe7 21.
Bg5+ Kf8 22. Bxg6 Qxg6 23. Bxd8 Nxd8 24. Qf3+ Qf7 25. Qa3+ Qe7 26. Qxa6 Qb4 27.
Qc8 Ke8 28. Qxc7 Qe7 29. Qb8 Kf7 30. Qxb5 Qe6 31. a4 Nc6 32. Rc1 Rc8 33. Qb7+
Kg6 34. a5 Ne7 35. Rxc8 Nxc8 36. a6 h6 37. a7 Nxa7 38. Qxa7 Qe1+ 39. Kh2 Qxf2
40. Qd7 1-0

[Event "9. LGA Premium Cup 2012"]
[Site "Nürnberg"]
[Date "2012.09.06"]
[Round "1.72"]
[White "Mehringer, Jörg"]
[Black "Porth, Hartmut"]
[Result "1/2-1/2"]
[WhiteElo "1851"]
[BlackElo "2229"]
[PlyCount "65"]
[EventDate "2012.??.??"]
[WhiteTeam "SC Weisse Dame e.V."]
[BlackTeam "SV Bargteheide"]

1. e4 Nc6 2. Nf3 d6 3. d4 Nf6 4. Bd3 Nb4 5. O-O Nxd3 6. Qxd3 g6 7. b3 Bg7 8.
Bb2 O-O 9. Nc3 a5 10. Rfe1 Nd7 11. Rad1 e5 12. dxe5 Nxe5 13. Nxe5 Bxe5 14. Na4
Qf6 15. Bxe5 Qxe5 16. Qd5 Qxd5 17. exd5 Bd7 18. Nb2 Rfe8 19. a3 Bf5 20. Nd3
Bxd3 21. cxd3 Rxe1+ 22. Rxe1 Ra6 23. Rc1 Rb6 24. Rc3 Rb5 25. Kf1 Rc5 26. Rxc5
dxc5 27. Ke2 Kf8 28. d4 cxd4 29. Kd3 Ke7 30. Kxd4 Kd6 31. b4 axb4 32. axb4 g5
33. g4 1/2-1/2

[Event "9. LGA Premium Cup 2012"]
[Site "Nürnberg"]
[Date "2012.09.06"]
[Round "1.73"]
[White "Kahlert, Thomas"]
[Black "Radziwill, Gerrit"]
[Result "1-0"]
[WhiteElo "2229"]
[BlackElo "1841"]
[PlyCount "55"]
[EventDate "2012.??.??"]
[WhiteTeam "SK Norderstedt von 1975"]
[BlackTeam "Schach-Union München e.V."]

1. c4 c5 2. Nf3 Nf6 3. Nc3 Nc6 4. g3 g6 5. Bg2 Bg7 6. O-O d6 7. d4 cxd4 8. Nxd4
Bd7 9. b3 Qc8 10. Bb2 Bh3 11. Nd5 Bxg2 12. Kxg2 Nxd4 13. Bxd4 e5 14. Bb2 Qd7
15. Nxf6+ Bxf6 16. Qd5 Rd8 17. Rad1 g5 18. Ba3 b6 19. Bxd6 a6 20. b4 h5 21. h3
Rh6 22. c5 g4 23. h4 bxc5 24. bxc5 Qc8 25. Rb1 Bg7 26. Rb7 Re6 27. Rfb1 Qa8 28.
Qc6+ 1-0

[Event "9. LGA Premium Cup 2012"]
[Site "Nürnberg"]
[Date "2012.09.06"]
[Round "1.75"]
[White "Mader, Manuela"]
[Black "Holzmayr, Norbert"]
[Result "1-0"]
[WhiteElo "2222"]
[BlackElo "1823"]
[PlyCount "51"]
[EventDate "2012.??.??"]
[WhiteTeam "SK 1926 Ettlingen"]
[BlackTeam "SV Ilmmünster"]

1. e4 e5 2. Nf3 Nc6 3. Bb5 a6 4. Bxc6 dxc6 5. O-O Bg4 6. h3 Bh5 7. g4 Bg6 8.
Nxe5 Qf6 9. Nxg6 hxg6 10. Kg2 Qh4 11. Qf3 O-O-O 12. Qg3 Qe7 13. d3 g5 14. Nc3
f6 15. f4 gxf4 16. Bxf4 Rd7 17. a3 g5 18. Bd2 Qe8 19. e5 Qg6 20. Qf3 Qh6 21.
Rh1 fxe5 22. Ne4 Ne7 23. Bxg5 Qg6 24. Raf1 Nd5 25. Qxf8+ Rd8 26. Qf5+ 1-0

[Event "9. LGA Premium Cup 2012"]
[Site "Nürnberg"]
[Date "2012.09.06"]
[Round "1.76"]
[White "Zimmermann, Ulrich"]
[Black "Pfadenhauer, Tobias"]
[Result "1-0"]
[WhiteElo "2219"]
[BlackElo "1801"]
[PlyCount "89"]
[EventDate "2012.??.??"]
[WhiteTeam "SK Bebenhausen 1992"]
[BlackTeam "Kronacher SK 1882 e.V."]

1. c4 Nf6 2. Nc3 g6 3. e4 d6 4. d4 Bg7 5. Bd3 O-O 6. Nge2 e5 7. d5 Ne8 8. O-O
f5 9. exf5 gxf5 10. f4 e4 11. Bc2 Na6 12. Be3 c5 13. dxc6 bxc6 14. Ba4 Qc7 15.
Nd5 Qb7 16. Bxc6 Qb8 17. Bxa8 Qxa8 18. Bd4 Qb7 19. Bxg7 Qxg7 20. Qd4 Nc5 21.
Qxg7+ Kxg7 22. b4 Nd3 23. Rab1 Be6 24. Ne3 Nf6 25. Nc1 Nxc1 26. Rbxc1 Rb8 27.
a3 Rc8 28. Rfd1 Rd8 29. Nd5 Kf7 30. Nxf6 Kxf6 31. Kf2 Ke7 32. Ke3 h5 33. Rd2
Rd7 34. a4 Rb7 35. b5 Rc7 36. Rdc2 Rc5 37. Rc3 Kd7 38. Kd4 Ke7 39. a5 Kd7 40.
Rg3 Ke7 41. b6 axb6 42. axb6 Rc8 43. b7 Rb8 44. Rb1 Kf6 45. Ra3 1-0

[Event "9. LGA Premium Cup 2012"]
[Site "Nürnberg"]
[Date "2012.09.06"]
[Round "1.77"]
[White "Kordts, Wolfgang"]
[Black "Millikan, Erlend"]
[Result "1-0"]
[WhiteElo "2207"]
[BlackElo "1731"]
[PlyCount "39"]
[EventDate "2012.??.??"]
[WhiteTeam "SW Nürnberg Süd e.V."]
[BlackTeam "Kronacher SK 1882 e.V."]

1. d4 d5 2. c4 c6 3. Nf3 Nf6 4. Qc2 e6 5. Bg5 h6 6. Bh4 Nbd7 7. e3 a6 8. Nbd2
Qa5 9. Bd3 Bd6 10. O-O g5 11. Bg3 Qc7 12. e4 dxe4 13. Nxe4 Nxe4 14. Bxe4 O-O
15. Qe2 Bf4 16. Bc2 b6 17. h4 g4 18. Ne5 Bxe5 19. Qxg4+ Kh8 20. dxe5 1-0

[Event "9. LGA Premium Cup 2012"]
[Site "Nürnberg"]
[Date "2012.09.06"]
[Round "1.79"]
[White "Siegl, Melina"]
[Black "Reis, Gerhard"]
[Result "0-1"]
[WhiteElo "1788"]
[BlackElo "2215"]
[PlyCount "40"]
[EventDate "2012.??.??"]
[WhiteTeam "SW Nürnberg Süd e.V."]
[BlackTeam "SW Nürnberg Süd e.V."]

1. e4 c5 2. Nf3 e6 3. d4 cxd4 4. Nxd4 Nf6 5. f3 Nc6 6. Be3 d5 7. exd5 Nxd5 8.
Nxc6 bxc6 9. Bf2 Qc7 10. Qd4 Bd6 11. c3 O-O 12. Nd2 Rd8 13. Nc4 Bf4 14. g3 Ne3
15. Qxf4 Nc2+ 16. Ke2 Qxf4 17. gxf4 Ba6 18. Be3 Nxa1 19. Kf2 Nc2 20. Bc1 Rd1
0-1

[Event "9. LGA Premium Cup 2012"]
[Site "Nürnberg"]
[Date "2012.09.06"]
[Round "1.80"]
[White "Klek, Hanna Marie"]
[Black "Matuschek, Thomas"]
[Result "1-0"]
[WhiteElo "2214"]
[BlackElo "1782"]
[PlyCount "45"]
[EventDate "2012.??.??"]
[WhiteTeam "SC Erlangen 48/88 e.V."]
[BlackTeam "SG Siemens Amberg"]

1. Nf3 g6 2. d4 Nf6 3. c4 Bg7 4. Nc3 d5 5. e3 O-O 6. cxd5 Nxd5 7. Bc4 c6 8. O-O
Nxc3 9. bxc3 Qc7 10. h3 b6 11. Qe2 h6 12. Rd1 e6 13. h4 Nd7 14. h5 g5 15. e4
Bf6 16. e5 Be7 17. Qe4 Kg7 18. Nh2 f5 19. exf6+ Nxf6 20. Qg6+ Kh8 21. Qxh6+ Nh7
22. Be3 Bd6 23. Nf3 1-0

[Event "9. LGA Premium Cup 2012"]
[Site "Nürnberg"]
[Date "2012.09.06"]
[Round "1.81"]
[White "Babichev, Vyacheslav"]
[Black "Appel, Helmut"]
[Result "0-1"]
[WhiteElo "1775"]
[BlackElo "2212"]
[PlyCount "66"]
[EventDate "2012.??.??"]
[WhiteTeam "SW Nürnberg Süd e.V."]
[BlackTeam "TSV Kareth-Lappersdorf"]

1. e4 e5 2. Nf3 Nc6 3. Bb5 a6 4. Ba4 Nf6 5. O-O Nxe4 6. d4 b5 7. Bb3 d5 8. dxe5
Be6 9. c3 Bc5 10. Bc2 O-O 11. Nbd2 Nxf2 12. Rxf2 f6 13. Nb3 Bxf2+ 14. Kxf2 fxe5
15. Bg5 Qxg5 16. Kg1 Qe7 17. Qd2 Rad8 18. Ng5 Bf5 19. Bd1 e4 20. Qe3 Qf6 21.
Be2 h6 22. g4 Bc8 23. Nh3 Ne5 24. Rf1 Qh4 25. Nf4 Bxg4 26. Bxg4 Qxg4+ 27. Kh1
Nd3 28. Qg3 Rxf4 29. Rg1 Rdf8 30. Nd4 Rf1 31. Qxg4 Nf2+ 32. Kg2 Nxg4 33. h3
R8f2+ 0-1

[Event "9. LGA Premium Cup 2012"]
[Site "Nürnberg"]
[Date "2012.09.06"]
[Round "1.82"]
[White "Krauseneck, Peter"]
[Black "Schweisgut, Jens"]
[Result "1-0"]
[WhiteElo "2212"]
[BlackElo "1762"]
[PlyCount "93"]
[EventDate "2012.??.??"]
[WhiteTeam "SC 1868 Bamberg"]
[BlackTeam "SV Alsfeld"]

1. e4 d5 2. exd5 Nf6 3. c4 c6 4. dxc6 Nxc6 5. d3 e5 6. Be2 Bc5 7. Be3 Bxe3 8.
fxe3 Qb6 9. Qd2 O-O 10. Nc3 Rd8 11. O-O-O Be6 12. b3 a6 13. h3 Rac8 14. g4 h6
15. Rh2 Qb4 16. Na4 b5 17. Qxb4 Nxb4 18. Nc3 bxc4 19. dxc4 Rxd1+ 20. Bxd1 Rd8
21. Rd2 Rd3 22. Rxd3 Nxd3+ 23. Kd2 Nf2 24. Bf3 e4 25. Bg2 Bc8 26. Nge2 Bb7 27.
Ng3 Kf8 28. a3 g6 29. b4 Ke7 30. Ke2 Nd3 31. Bxe4 Nxe4 32. Ngxe4 Ne5 33. Nd5+
Kf8 34. Nd6 Bc6 35. e4 f5 36. gxf5 gxf5 37. Ke3 fxe4 38. Kxe4 Nf7 39. Nxf7 Kxf7
40. Ke5 Bd7 41. h4 Ba4 42. Nc7 Bb3 43. b5 axb5 44. cxb5 Ke7 45. Na6 Kd8 46. b6
Kc8 47. b7+ 1-0

[Event "9. LGA Premium Cup 2012"]
[Site "Nürnberg"]
[Date "2012.09.06"]
[Round "1.83"]
[White "Balhar, Michael"]
[Black "Osmanodja, Filiz"]
[Result "0-1"]
[WhiteElo "1750"]
[BlackElo "2198"]
[PlyCount "82"]
[EventDate "2012.??.??"]
[WhiteTeam "SC Erlangen 48/88 e.V."]
[BlackTeam "USV TU Dresden"]

1. e4 c5 2. Nf3 Nc6 3. Bb5 d6 4. O-O Bd7 5. c3 a6 6. Ba4 b5 7. Bc2 Bg4 8. h3
Bh5 9. d4 Bxf3 10. Qxf3 cxd4 11. Rd1 e5 12. Bb3 Nf6 13. Bg5 Be7 14. Bxf6 Bxf6
15. Bd5 Qc7 16. Rc1 Rc8 17. Nd2 O-O 18. Qd1 Qb6 19. Nf3 Ne7 20. cxd4 exd4 21.
Rxc8 Rxc8 22. Rc1 Rc5 23. Bb3 Qc7 24. Rc2 Ng6 25. a4 Nf4 26. Qd2 d3 27. Rxc5
dxc5 28. axb5 axb5 29. g3 Ne2+ 30. Kg2 c4 31. Bd1 Nd4 32. Nxd4 Bxd4 33. b3 h6
34. bxc4 bxc4 35. Ba4 Qe5 36. Bc6 Qc5 37. Ba4 Qa3 38. Qa5 Qb2 39. Qd8+ Kh7 40.
Kf3 Qxf2+ 41. Kg4 Qe2+ 0-1

[Event "9. LGA Premium Cup 2012"]
[Site "Nürnberg"]
[Date "2012.09.06"]
[Round "1.84"]
[White "Reichel, Günther"]
[Black "Heimrath, Reiner"]
[Result "0-1"]
[WhiteElo "1730"]
[BlackElo "2205"]
[PlyCount "38"]
[EventDate "2012.??.??"]
[WhiteTeam "SC-SF 1957 Stockstadt"]
[BlackTeam "SC Noris-Tarrasch Nürnberg 1873"]

1. b3 e5 2. Bb2 d6 3. c4 Bg4 4. Nc3 c6 5. d4 Nd7 6. g3 Qb6 7. d5 Nc5 8. Bg2 a5
9. Rb1 Nf6 10. Qc2 a4 11. bxa4 Qa6 12. Ba3 Nfd7 13. Nf3 Nxa4 14. dxc6 bxc6 15.
Ne4 Bf5 16. Nxd6+ Bxd6 17. Qxf5 Bxa3 18. Nxe5 Qa5+ 19. Kf1 Qxe5 0-1

[Event "9. LGA Premium Cup 2012"]
[Site "Nürnberg"]
[Date "2012.09.06"]
[Round "1.86"]
[White "Siegl, Adrian"]
[Black "Kannenberg, Karl-Heinz"]
[Result "0-1"]
[WhiteElo "1697"]
[BlackElo "2199"]
[PlyCount "120"]
[EventDate "2012.??.??"]
[WhiteTeam "SW Nürnberg Süd e.V."]
[BlackTeam "SC Kitzingen von 1905"]

1. e4 d5 2. exd5 Qxd5 3. Nc3 Qa5 4. d4 c6 5. Nf3 Nf6 6. Bd2 Bf5 7. Bc4 e6 8.
O-O Qd8 9. Bf4 Be7 10. a3 O-O 11. Re1 Nbd7 12. Qe2 Nb6 13. Bb3 Nbd5 14. Nxd5
cxd5 15. Rac1 Rc8 16. Qb5 Nh5 17. Bd2 Qc7 18. c4 a6 19. Qa5 dxc4 20. Rxc4 Qxa5
21. Bxa5 Rxc4 22. Bxc4 Rc8 23. Bb3 Nf4 24. Ne5 Bf6 25. Bd2 Bxe5 26. dxe5 Nd3
27. Re3 Nxb2 28. Rc3 Rxc3 29. Bxc3 Nd3 30. Bc2 Nf4 31. Bxf5 exf5 32. Kf1 Kf8
33. g3 Nd5 34. Bd4 Ke7 35. f4 Ke6 36. Ke2 Ne7 37. Kd3 Kd5 38. Be3 Nc6 39. Bb6
g6 40. h3 h5 41. h4 Nb8 42. Bf2 Nd7 43. Bg1 Nc5+ 44. Bxc5 Kxc5 45. Kc3 Kd5 46.
Kd3 b5 47. Kc3 a5 48. Kb3 Kd4 49. Kc2 Kc4 50. Kb2 Kd3 51. Kb3 Kd2 52. Kb2 a4
53. Ka1 Kc2 54. Ka2 Kc3 55. Kb1 Kb3 56. Kc1 Kxa3 57. Kc2 b4 58. Kb1 Kb3 59. Ka1
Kc2 60. e6 fxe6 0-1

[Event "9. LGA Premium Cup 2012"]
[Site "Nürnberg"]
[Date "2012.09.06"]
[Round "1.87"]
[White "Seibold, Hubert"]
[Black "Dreiseitel, Werner"]
[Result "1-0"]
[WhiteElo "2195"]
[BlackElo "1584"]
[PlyCount "83"]
[EventDate "2012.??.??"]
[WhiteTeam "SK Zirndorf e.V."]
[BlackTeam "SC Noris-Tarrasch Nürnberg 1873"]

1. e4 c6 2. d4 d5 3. Nc3 dxe4 4. Nxe4 Bf5 5. Ng3 Bg6 6. h4 h6 7. Nf3 Nd7 8. h5
Bh7 9. Bd3 Bxd3 10. Qxd3 Ngf6 11. Bf4 Qa5+ 12. Bd2 Qc7 13. O-O-O e6 14. Kb1
O-O-O 15. Ne4 Nxe4 16. Qxe4 Nf6 17. Qe2 Bd6 18. g3 Rhe8 19. c4 Qe7 20. Ba5 Bc7
21. Bc3 Bd6 22. Ne5 Bxe5 23. dxe5 Rxd1+ 24. Rxd1 Nd7 25. f4 Nb6 26. Rd6 Kb8 27.
Qd3 Kc8 28. Bb4 Qc7 29. Ba5 Rd8 30. c5 Rxd6 31. exd6 Qd8 32. Qd4 Qd7 33. cxb6
a6 34. Qxg7 Qxd6 35. Qg8+ Kd7 36. Qxf7+ Qe7 37. Qxe7+ Kxe7 38. Kc2 Kd6 39. Kd3
Kd5 40. Bc3 c5 41. Bg7 Kc6 42. Bxh6 1-0

[Event "9. LGA Premium Cup 2012"]
[Site "Nürnberg"]
[Date "2012.09.07"]
[Round "2.1"]
[White "Berchtenbreiter, Maximilian"]
[Black "Nyzhnyk, Illya"]
[Result "0-1"]
[WhiteElo "2328"]
[BlackElo "2614"]
[PlyCount "104"]
[EventDate "2012.??.??"]
[WhiteTeam "SGem Pang/Rosenheim"]
[BlackTeam "Schachgemeinschaft Porz e.V."]

1. e4 c5 2. Nf3 d6 3. d4 cxd4 4. Nxd4 Nf6 5. Nc3 a6 6. Be3 e5 7. Nb3 Be6 8. Qd2
Nbd7 9. O-O-O Be7 10. f4 b5 11. f5 Bc4 12. g4 h6 13. Qg2 Qc7 14. h4 b4 15. Nd5
Nxd5 16. exd5 Rc8 17. Bxc4 Qxc4 18. Kb1 Bd8 19. g5 a5 20. Rc1 h5 21. Nd2 Qb5
22. Ne4 Qb8 23. Qe2 Bb6 24. Rh3 Bxe3 25. Rxe3 Qb6 26. b3 Kd8 27. f6 g6 28. c3
Nc5 29. cxb4 axb4 30. Qf1 Re8 31. Ree1 Kc7 32. Nxc5 dxc5 33. d6+ Kxd6 34. Qc4
Re6 35. Red1+ Kc6 36. Qd5+ Kb5 37. Qd7+ Qc6 38. Qxf7 e4 39. Qxg6 e3 40. Qd3+
Kb6 41. Rc2 Qf3 42. Re1 Qf4 43. Rce2 Rce8 44. Qc4 Re4 45. Qf7 Qf5 46. Rc2 Rd8
47. g6 e2 48. a4 Rd1+ 49. Ka2 Rxe1 50. Qf8 Ra1+ 51. Kxa1 e1=Q+ 52. Ka2 Qb1+ 0-1

[Event "9. LGA Premium Cup 2012"]
[Site "Nürnberg"]
[Date "2012.09.07"]
[Round "2.2"]
[White "Romanov, Evgeny"]
[Black "Zwahr, Paul"]
[Result "1-0"]
[WhiteElo "2590"]
[BlackElo "2320"]
[PlyCount "43"]
[EventDate "2012.??.??"]
[WhiteTeam "Sportfreunde Katernberg 1913 e.V"]
[BlackTeam "SG Grün-Weiß Dresden"]

1. g3 g6 2. Bg2 Bg7 3. e4 c5 4. f4 Nc6 5. Nf3 d6 6. O-O e6 7. c3 Nge7 8. Na3 d5
9. e5 d4 10. Nc4 O-O 11. Nd6 Nf5 12. Ne4 b6 13. g4 Nfe7 14. c4 Kh8 15. d3 Rb8
16. Nfg5 Qc7 17. Qe1 f5 18. exf6 Bxf6 19. Nxf6 Rxf6 20. Qh4 h5 21. f5 Ng8 22.
Ne4 1-0

[Event "9. LGA Premium Cup 2012"]
[Site "Nürnberg"]
[Date "2012.09.07"]
[Round "2.3"]
[White "Kersten, Uwe"]
[Black "Baramidze, David"]
[Result "0-1"]
[WhiteElo "2320"]
[BlackElo "2606"]
[PlyCount "80"]
[EventDate "2012.??.??"]
[WhiteTeam "Kasseler SK 1876"]
[BlackTeam "SV Hockenheim"]

1. e4 e5 2. Nf3 Nc6 3. Nc3 Nf6 4. Bb5 Bb4 5. O-O Bxc3 6. bxc3 d6 7. Bxc6+ bxc6
8. d3 Bg4 9. h3 Bh5 10. Qe2 Nd7 11. Qe3 O-O 12. Nh2 Bg6 13. g4 d5 14. Re1 Qe7
15. Nf1 Rfe8 16. Ng3 Qc5 17. Qxc5 Nxc5 18. a4 dxe4 19. Be3 Nb7 20. dxe4 a6 21.
Rab1 Nd6 22. f3 Reb8 23. Nf1 f6 24. Nd2 Bf7 25. Rxb8+ Rxb8 26. Rb1 Rxb1+ 27.
Nxb1 Nc4 28. Bc5 a5 29. Ba7 Kf8 30. Na3 Nb6 31. Bb8 Na8 32. Nb1 Ke7 33. Nd2 c5
34. Nb3 Bxb3 35. cxb3 c4 36. bxc4 Kd7 37. Ba7 Nb6 38. Bxb6 cxb6 39. c5 b5 40.
axb5 a4 0-1

[Event "9. LGA Premium Cup 2012"]
[Site "Nürnberg"]
[Date "2012.09.07"]
[Round "2.4"]
[White "Epishin, Vladimir"]
[Black "Siedentopf, Daniel"]
[Result "1/2-1/2"]
[WhiteElo "2579"]
[BlackElo "2310"]
[PlyCount "131"]
[EventDate "2012.??.??"]
[WhiteTeam "Lübecker SV von 1873"]
[BlackTeam "SG Grün-Weiß Dresden"]

1. d4 d5 2. c4 e6 3. Nc3 Nf6 4. cxd5 exd5 5. Bg5 Nbd7 6. e3 c6 7. Bd3 Be7 8.
Qc2 O-O 9. Nge2 Re8 10. O-O h6 11. Bh4 Nh5 12. Bxe7 Qxe7 13. a3 Qg5 14. e4 dxe4
15. Nxe4 Qd8 16. Nd6 Rf8 17. Rfe1 Nb6 18. Qc5 Nf6 19. Bc2 Nbd7 20. Qc3 Qc7 21.
Qg3 Nh5 22. Qd3 Nhf6 23. Nc4 b5 24. Ne3 Rd8 25. Rac1 Nf8 26. Qc3 Qd6 27. Nf5
Bxf5 28. Bxf5 Qd5 29. Bh3 Rd6 30. g3 Ne6 31. Bg2 Qh5 32. Qf3 Qxf3 33. Bxf3 Nd5
34. Red1 Ne7 35. Kf1 Rad8 36. Ke1 Kf8 37. b4 g6 38. Rd3 Kg7 39. Rcd1 h5 40. Be4
Nd5 41. h4 Kf8 42. Bg2 Nb6 43. Rc3 Nc4 44. Be4 a6 45. a4 Nb2 46. Rd2 Nxd4 47.
Rxb2 Nf3+ 48. Kf1 Nd2+ 49. Rxd2 Rxd2 50. Rxc6 Rb2 51. axb5 axb5 52. Nf4 Rxb4
53. Bxg6 Rxf4 54. gxf4 fxg6 55. Rxg6 Rb8 56. Ke2 b4 57. Kd2 b3 58. Kc1 Rb4 59.
Rg5 Rxf4 60. Rxh5 Rxf2 61. Rb5 Rh2 62. Rxb3 Rxh4 63. Kd2 Ke7 64. Ke2 Re4+ 65.
Re3 Rxe3+ 66. Kxe3 1/2-1/2

[Event "9. LGA Premium Cup 2012"]
[Site "Nürnberg"]
[Date "2012.09.07"]
[Round "2.5"]
[White "Seyb, Alexander"]
[Black "Danin, Alexandre"]
[Result "0-1"]
[WhiteElo "2313"]
[BlackElo "2568"]
[PlyCount "80"]
[EventDate "2012.??.??"]
[WhiteTeam "SC Forchheim e.V."]
[BlackTeam "Schachclub Tornado Wuppertal 199"]

1. e4 e6 2. d4 d5 3. Nc3 Nf6 4. e5 Nfd7 5. f4 c5 6. Nf3 Nc6 7. Be3 cxd4 8. Nxd4
Bc5 9. Qd2 O-O 10. O-O-O a6 11. Qf2 Bxd4 12. Bxd4 b5 13. Be3 b4 14. Na4 a5 15.
Kb1 Ba6 16. Bxa6 Rxa6 17. h4 Qc7 18. h5 Ncb8 19. Rc1 Rc6 20. Bd4 Na6 21. Rhe1
Nac5 22. Nxc5 Nxc5 23. Bxc5 Rxc5 24. f5 Rc8 25. f6 gxf6 26. exf6 Rc4 27. Re3
Kh8 28. Rf3 Rg8 29. Qd2 Rcg4 30. Rf2 Qe5 31. Qh6 a4 32. Rh1 R4g5 33. c3 bxc3
34. bxc3 Qxc3 35. Rb2 Qd3+ 36. Ka1 a3 37. Rb3 Qd4+ 38. Kb1 Rxg2 39. Qc1 Qe4+
40. Ka1 Rc2 0-1

[Event "9. LGA Premium Cup 2012"]
[Site "Nürnberg"]
[Date "2012.09.07"]
[Round "2.6"]
[White "Nuber, Korbinian"]
[Black "Hector, Jonny"]
[Result "0-1"]
[WhiteElo "2302"]
[BlackElo "2537"]
[PlyCount "42"]
[EventDate "2012.??.??"]
[WhiteTeam "SC Dillingen"]
[BlackTeam "Schachklub Turm Emsdetten e.V."]

1. e4 e5 2. Nf3 Nc6 3. Bb5 a6 4. Bxc6 dxc6 5. O-O Bg4 6. h3 Bh5 7. g4 Bg6 8.
Nxe5 Bd6 9. Nxg6 hxg6 10. Qf3 Qd7 11. d3 O-O-O 12. Bf4 Bxf4 13. Qxf4 Rxh3 14.
Kg2 Rh4 15. f3 Nf6 16. Rh1 Rxh1 17. Kxh1 Qd4 18. Nc3 Qf2 19. Qh2 Qxf3+ 20. Qg2
Rh8+ 21. Kg1 Qe3+ 0-1